000 01318cam a2200337 i 4500
001 40417
003 Mx-PuUPA
005 20250205111715.0
008 140415s2020 sp ad gr 000 0 spa d
017 _aBI-1557-2019
020 _a9788484688006
_qU. P. Comillas
020 _a9788429329025
_qEditorial Sal Terrae
040 _aMx-PuUPA
_bspa
_cMx-PuUPA
_dMx-PuUPA
_erda
041 1 _aspa
_heng
100 1 _aHarrison, Peter,
_d1955-
_916699
_eautor
240 1 4 _aThe territories of science and religion.
_lEspañol
245 1 4 _aLos territorios de la ciencia y la religión /
_cPeter Harrison ; traducción, Ignacio Silva
264 1 _aMadrid :
_bUniversidad Pontificia Comillas : Editorial Sal Terrae,
_c©2020
300 _axv, 331 páginas :
_bilustraciones, gráficas ;
_c22 cm
336 _2rdacontent
_atexto
_btxt
337 _2rdamedia
_asin medio
_bn
338 _2rdacarrier
_avolumen
_bnc
490 0 _aColección Ciencia y Religión ;
_v19
650 7 _2armarc
_aReligión y ciencia
_913986
650 7 _2armarc
_aCiencia
_xHistoria
700 1 _aSilva, Ignacio,
_etraductor
765 0 _aHarrison, Peter, 1955-
_dChicago : University of Chicago, ©2015
_tThe territories of science and religion.
942 _2ddc
_cLI
_h201.65
_iH25
999 _c40417
_d40417